书目信息 |
| 题名: |
大学英语四级考试历年实考试卷详解
|
|
| 作者: | 全国大学英语四 编 | |
| 分册: | ||
| 出版信息: | 上海 上海外语教育出版社 1999.03 |
|
| 页数: | 468页 | |
| 开本: | 16开 | |
| 丛书名: | ||
| 单 册: | ||
| 中图分类: | ||
| 科图分类: | ||
| 主题词: | 英语 | |
| 电子资源: | ||
| ISBN: | 7-81046-610-0 | |
| 000 | 00705nam0 2200217 45 | |
| 001 | 9912080875 | |
| 005 | 20000930005120.9 | |
| 010 | @a7-81046-610-0@d36.00元 | |
| 100 | @a19991208d1999 km y0chiy0120 ea | |
| 101 | @achi | |
| 105 | @a z 000yy | |
| 200 | 1 | @a大学英语四级考试历年实考试卷详解@ADa Xue Ying YuSiJi Kao Shi Li Nian Shi Kao Shi Juan Xiang Jie@f全国大学英语四,六级考试委员会编@FQuan Guo Da Xue Ying Yu Si,Liu Ji Kao Shi Wei Yuan Hui Bian |
| 205 | @a1 | |
| 210 | @a上海@c上海外语教育出版社@d1999.03 | |
| 215 | @a468页@d16开 | |
| 606 | 0 | @a英语 |
| 690 | @v3 | |
| 690 | @aH31-44@v3 | |
| 701 | @a全国大学英语四@4编 | |
| 801 | @aCN@bPFTUser@c19991208 | |
| 905 | @dH31-44@eQ:137@b163135-139@f5 | |
| 大学英语四级考试历年实考试卷详解/全国大学英语四,六级考试委员会编.-1.-上海:上海外语教育出版社,1999.03 |
| 468页;16开 |
| ISBN 7-81046-610-0:36.00元 |
| ● |
| 相关链接 |
|
|
|
正题名:大学英语四级考试历年实考试卷详解
索取号:H31-44/Q:137
 
预约/预借
| 序号 | 登录号 | 条形码 | 馆藏地/架位号 | 状态 | 备注 |
| 1 | 163135 | 201631350 | 语言库209/ [索取号:H31-44/Q:137] | 在馆 | |
| 2 | 163136 | 201631369 | 自科二线504/504自科库 46排1列3层/ [索取号:H31-44/Q:137] | 在馆 | |
| 3 | 163137 | 201631378 | 语言库209/209语言库 94排1列5层/ [索取号:H31-44/Q:137] | 在馆 | |
| 4 | 163138 | 201631387 | 语言库209/ [索取号:H31-44/Q:137] | 在馆 | |
| 5 | 163139 | 201631396 | 语言库209/209语言库 94排1列5层/ [索取号:H31-44/Q:137] | 在馆 |